| 000 | 00739cam a2200217 a 4500 | ||
|---|---|---|---|
| 001 | 000004899 | ||
| 005 | 20200929151528.0 | ||
| 008 | 920401s1991 ck 001 p spa | ||
| 040 |
_aDO-SdBNP _cDLC _dDLC |
||
| 082 |
_aC861.4 _bR741l |
||
| 100 | 1 |
_aRojas, Jorge, _d1911-1995. _914167 |
|
| 245 | 1 | 3 |
_aEl libro de las tredécimas / _cJorge Rojas. |
| 260 |
_aSantafé de Bogotá, Colombia : _bInstituto Caro y Cuervo, _c1991. |
||
| 300 |
_a106 p. ; _c20 cm. |
||
| 490 | 1 |
_aLa Granada entreabierta _vno. 59 |
|
| 650 | 4 |
_aPoesía colombiana _93742 |
|
| 650 | 4 |
_aLiteratura colombiana _91244 |
|
| 650 | 4 |
_aLiteratura latinoaméricana _ySIGLO XX _9203 |
|
| 830 | 0 |
_aLa Granada entreabierta ; _vno. 59. _98104 |
|
| 910 | _aCatalogación por copia / LC | ||
| 999 |
_c4705 _d4705 |
||